Statistics for Least Populated Capitals

Click here to take the quiz!

General Stats

  • This quiz has been taken 26 times
  • The average score is 12 of 20

Answer Stats

PopulationCapital% Correct
826Vatican City
96%
22,884Andorra La Vella
88%
5,248Vaduz
83%
4,493San Marino
75%
4,492Funafuti
71%
30,000South Tarawa
71%
1,100Yaren
71%
14,847Roseau
63%
6,444Valletta
63%
25,400Majuro
58%
271Ngerulmud
58%
22,400Nuku'Alofa
58%
9,900Palikir
58%
22,679St. John's
58%
13,043Basseterre
54%
7,500St. George's
54%
29,298Victoria
54%
28,135Bandar Seri Begawan
38%
16,451Belmopan
33%
34,828Banjul
21%

Score Distribution

Percentile by Number Answered

Percent of People with Each Score

Your Score History

You have not taken this quiz